| 000 | 00388 a2200169 4500 | ||
|---|---|---|---|
| 001 | 191694 | ||
| 020 | _a978-85-66653-38-0 | ||
| 040 | _cMagnum | ||
| 100 | _aFerreira, Fábio | ||
| 240 | 1 | 0 |
_aGodi: um menino chamado liberdade _lpor |
| 245 | 1 | 0 | _aGodi: um menino chamado liberdade |
| 300 | _a68 | ||
| 362 | 0 | _a2014 | |
| 440 | 1 | _aBaobá | |
| 697 | _aLITERATURA JUVENIL | ||
| 942 | _cBK | ||
| 999 |
_c191694 _d191694 |
||